Insane Demons by Letter - Q - Statistics

General Stats
  • This quiz has been taken 3 times
  • The average score is 3 of 5
Answer Stats
Hint Answer % Correct
Que Quest For Perfection
100%
Qua Quantum Force
67%
Qua QuantumWave
67%
QVx QVxxN
67%
Qua Quarks and Gluons
33%
No matching quizzes found
Score Distribution
Percent of People with Each Score
Percentile by Number Answered
Your Score History
You have not taken this quiz